Liderazgo femenino (Registro nro. 17838)

Detalles MARC
000 -LDR (LÍDER)
Campo de control de longitud fija 01596nam a2200325 a 4500
003 - IDENTIFICADOR DEL NÚMERO DE CONTROL
Campo de control CO-PeBPR
005 - FECHA Y HORA DE LA ÚLTIMA TRANSACCIÓN
Campo de control 20260501123009.0
008 - ELEMENTOS DE DATOS DE LONGITUD FIJA--INFORMACIÓN GENERAL
Campo de control de longitud fija 260501s2024 ck ao gr 000 0 spa d
020 ## - Código Internacional normalizado para libros
Código Internacional normalizado para libros 9789585084025
040 0# - FUENTE DE CATALOGACIÓN
Agencia catalogadora original CO-PeBPR
Idioma de la agencia catalogadora spa
Agencia que transcribe CO-PeBPR
Norma para la descripción rda
041 0# - Código del Idioma
Código idioma del recurso original spa
082 04 - NÚMERO DE CLASIFICACIÓN DECIMAL DEWEY
Número de clasificación 658.048 A282l
100 1# - ASIENTO PRINCIPAL--NOMBRE PERSONAL
Nombre personal Agudelo Orrego, Beatriz Eugenia
Términos de relación autora
245 10 - MENCIÓN DE TÍTULO
Título propiamente dicho Liderazgo femenino
Subtítulo o título paralelo : una nueva forma de entender a las organizaciones sin fines de lucro
Mención de responsabilidad / Beatriz Eugenia Agudelo Orrego.
250 ## - MENCIÓN DE EDICIÓN
Mención de edición Edición especial
264 ## - Área de la Producción Publicación, Distribución, Manufactura, etc.
Lugar de publicación, distribución, etc. Bogotá, Colombia
Nombre de la editorial, distribuidor, etc. : : ECOE Ediciones
Fecha de publicación, distribución, etc. , 2024
300 ## - DESCRIPCIÓN FÍSICA
Extensión 139 páginas
Otros detalles físicos : ilustraciones en blanco y negro
Dimensiones ; 24 centímetros
336 ## - Tipo de Contenido
Tipo de contenido txt
337 ## - Tipo de Medio
Fuente rdamedia
Tipo de Medio n
338 ## - Tipo de Soporte
Fuente rdacarrier
Tipo de soporte nc
490 ## - MENCIÓN DE SERIE
Título de la serie Plan Nacional de Lectura, Escritura y Oralidad / Ministerio de las Culturas, las Artes y los Saberes.
500 ## - NOTA GENERAL
Nota general Incluye índice.
520 ## - NOTA DE RESUMEN, ETC.
Nota de sumario Este libro se enfoca en el estudio del liderazgo femenino en organizaciones sin fines de lucro (OSFL) en el Valle del Cauca, particularmente en fundaciones dirigidas y fundadas por mujeres. Analiza cómo estos estilos de liderazgo impactan el funcionamiento y objetivos de las fundaciones. Tomado de la contracubierta del libro.
521 ## - NOTA DE AUDIENCIA
Nota de audiencia Recomendado para jóvenes y adultos.
650 14 - ASIENTO SECUNDARIO DE MATERIA - TÉRMINO TEMÁTICO
Fuente del encabezado o término LEMB
Encabezamiento temático Organizaciones sin ánimo de lucro
Subdivisión general Liderazgo
Subdivisión geográfica Valle del Cauca
650 14 - ASIENTO SECUNDARIO DE MATERIA - TÉRMINO TEMÁTICO
Fuente del encabezado o término LEMB
Encabezamiento temático Liderazgo femenino
Subdivisión general Investigaciones
650 14 - ASIENTO SECUNDARIO DE MATERIA - TÉRMINO TEMÁTICO
Fuente del encabezado o término LEMB
Encabezamiento temático Administración Pública
830 ## - SERIES ADDED ENTRY--UNIFORM TITLE
9 (RLIN) 54504
Uniform title Donación - Sala de Patrimonio Bibliográfico y Documental de Risaralda
942 ## - ENTRADA DE ELEMENTOS AGREGADOS (KOHA
Fuente de clasificación o esquema de estantería. Dewey Decimal Classification
Tipo de ítem Libro
Existencias
Estado de pérdida Fuente del sistema de clasificación o colocación Estado de daño No disponible para préstamo Colección Biblioteca de origen Biblioteca actual Ubicación en estantería Signatura topográfica completa Ejemplar Código de barras Tipo de ítem Fecha de adquisición Fuente de adquisición Total de pagos Fecha de la última vez visto
  Dewey Decimal Classification     General Sala de Patrimonio Bibliográfico y Documental - Biblioteca Departamental Sala de Patrimonio Bibliográfico y Documental - Biblioteca Departamental Área General 658.048 A282l Ej.1 RIBPD16043 Libro 01/05/2026 Dotación MinCultura y BNC   01/05/2026